<?xml version="1.0" encoding="UTF-8"?>
<record
    xmlns:xsi="http://www.w3.org/2001/XMLSchema-instance"
    xsi:schemaLocation="http://www.loc.gov/MARC21/slim http://www.loc.gov/standards/marcxml/schema/MARC21slim.xsd"
    xmlns="http://www.loc.gov/MARC21/slim">

  <leader>00469nam a22001697a 4500</leader>
  <controlfield tag="005">20260226095258.0</controlfield>
  <controlfield tag="008">260226b        |||||||| |||| 00| 0 eng d</controlfield>
  <datafield tag="020" ind1=" " ind2=" ">
    <subfield code="a">978-1-337-40587-4</subfield>
  </datafield>
  <datafield tag="100" ind1=" " ind2=" ">
    <subfield code="a">REYNOLDS, GEORGE W.</subfield>
  </datafield>
  <datafield tag="245" ind1=" " ind2=" ">
    <subfield code="a">ETHICS IN INFORMATION TECHNOLOGY</subfield>
  </datafield>
  <datafield tag="250" ind1=" " ind2=" ">
    <subfield code="a">6TH ED.</subfield>
  </datafield>
  <datafield tag="260" ind1=" " ind2=" ">
    <subfield code="a">BOSTON</subfield>
    <subfield code="b">CENGAGE</subfield>
    <subfield code="c">2019</subfield>
  </datafield>
  <datafield tag="300" ind1=" " ind2=" ">
    <subfield code="a">XIX, 444P.</subfield>
  </datafield>
  <datafield tag="500" ind1=" " ind2=" ">
    <subfield code="a">INCLUDES INDEX</subfield>
  </datafield>
  <datafield tag="650" ind1=" " ind2=" ">
    <subfield code="a">INFORMATION TECHNOLOGY - MORAL AND ETHICAL ASPECTS</subfield>
  </datafield>
  <datafield tag="942" ind1=" " ind2=" ">
    <subfield code="2">lcc</subfield>
    <subfield code="c">BK</subfield>
  </datafield>
  <datafield tag="999" ind1=" " ind2=" ">
    <subfield code="c">216683</subfield>
    <subfield code="d">216683</subfield>
  </datafield>
  <datafield tag="952" ind1=" " ind2=" ">
    <subfield code="0">0</subfield>
    <subfield code="1">0</subfield>
    <subfield code="2">lcc</subfield>
    <subfield code="4">0</subfield>
    <subfield code="6">HC0079 R49  02019</subfield>
    <subfield code="7">0</subfield>
    <subfield code="8">BUS</subfield>
    <subfield code="9">375639</subfield>
    <subfield code="a">KSUL</subfield>
    <subfield code="b">KSUL</subfield>
    <subfield code="c">DISPLAY</subfield>
    <subfield code="d">2026-02-26</subfield>
    <subfield code="i">111598</subfield>
    <subfield code="l">0</subfield>
    <subfield code="o">HC 79 .R49 2019</subfield>
    <subfield code="p">a000281</subfield>
    <subfield code="r">2026-02-26 09:55:00</subfield>
    <subfield code="t">1</subfield>
    <subfield code="w">2026-02-26</subfield>
    <subfield code="y">BK</subfield>
  </datafield>
  <datafield tag="952" ind1=" " ind2=" ">
    <subfield code="0">0</subfield>
    <subfield code="1">0</subfield>
    <subfield code="2">lcc</subfield>
    <subfield code="4">0</subfield>
    <subfield code="6">HC0079 R49  02019</subfield>
    <subfield code="7">0</subfield>
    <subfield code="8">BUS</subfield>
    <subfield code="9">375640</subfield>
    <subfield code="a">KSUL</subfield>
    <subfield code="b">KSUL</subfield>
    <subfield code="c">DISPLAY</subfield>
    <subfield code="d">2026-02-26</subfield>
    <subfield code="i">111599</subfield>
    <subfield code="l">0</subfield>
    <subfield code="o">HC 79 .R49 2019</subfield>
    <subfield code="p">a000282</subfield>
    <subfield code="r">2026-02-26 09:55:00</subfield>
    <subfield code="t">2</subfield>
    <subfield code="w">2026-02-26</subfield>
    <subfield code="y">BK</subfield>
  </datafield>
  <datafield tag="952" ind1=" " ind2=" ">
    <subfield code="0">0</subfield>
    <subfield code="1">0</subfield>
    <subfield code="2">lcc</subfield>
    <subfield code="4">0</subfield>
    <subfield code="6">HC0079 R49  02019</subfield>
    <subfield code="7">0</subfield>
    <subfield code="8">BUS</subfield>
    <subfield code="9">375641</subfield>
    <subfield code="a">KSUL</subfield>
    <subfield code="b">KSUL</subfield>
    <subfield code="c">DISPLAY</subfield>
    <subfield code="d">2026-02-26</subfield>
    <subfield code="i">111600</subfield>
    <subfield code="l">0</subfield>
    <subfield code="o">HC 79 .R49 2019</subfield>
    <subfield code="p">a000284</subfield>
    <subfield code="r">2026-02-26 09:55:00</subfield>
    <subfield code="t">3</subfield>
    <subfield code="w">2026-02-26</subfield>
    <subfield code="y">BK</subfield>
  </datafield>
  <datafield tag="952" ind1=" " ind2=" ">
    <subfield code="0">0</subfield>
    <subfield code="1">0</subfield>
    <subfield code="2">lcc</subfield>
    <subfield code="4">0</subfield>
    <subfield code="6">HC0079 R49  02019</subfield>
    <subfield code="7">0</subfield>
    <subfield code="8">BUS</subfield>
    <subfield code="9">375642</subfield>
    <subfield code="a">KSUL</subfield>
    <subfield code="b">KSUL</subfield>
    <subfield code="c">DISPLAY</subfield>
    <subfield code="d">2026-02-26</subfield>
    <subfield code="i">111601</subfield>
    <subfield code="l">0</subfield>
    <subfield code="o">HC 79 .R49 2019</subfield>
    <subfield code="p">a000283</subfield>
    <subfield code="r">2026-02-26 09:55:00</subfield>
    <subfield code="t">4</subfield>
    <subfield code="w">2026-02-26</subfield>
    <subfield code="y">BK</subfield>
  </datafield>
  <datafield tag="952" ind1=" " ind2=" ">
    <subfield code="0">0</subfield>
    <subfield code="1">0</subfield>
    <subfield code="2">lcc</subfield>
    <subfield code="4">0</subfield>
    <subfield code="6">HC0079 R49  02019</subfield>
    <subfield code="7">0</subfield>
    <subfield code="8">BUS</subfield>
    <subfield code="9">375643</subfield>
    <subfield code="a">KSUL</subfield>
    <subfield code="b">KSUL</subfield>
    <subfield code="c">DISPLAY</subfield>
    <subfield code="d">2026-02-26</subfield>
    <subfield code="i">111602</subfield>
    <subfield code="l">0</subfield>
    <subfield code="o">HC 79 .R49 2019</subfield>
    <subfield code="p">a000285</subfield>
    <subfield code="r">2026-02-26 09:55:00</subfield>
    <subfield code="t">5</subfield>
    <subfield code="w">2026-02-26</subfield>
    <subfield code="y">BK</subfield>
  </datafield>
</record>
